| 000 | 00407nam a2200133Ia 4500 | ||
|---|---|---|---|
| 008 | 200619s9999 xx 000 0 und d | ||
| 020 | _a9800000000000 | ||
| 100 | _aHansen Thomas Blom | ||
| 245 | 4 | _aThe Saffron Wave : Democracy and Hindu Nationalism in Modern India | |
| 264 |
_bPrinceton University Press _c1999 |
||
| 300 | _a328 | ||
| 942 | _cIR | ||
| 999 |
_c120346 _d120346 |
||